LEADER 01814nam--2200505---450- 001 990001016200203316 005 20091006120623.0 010 $a88-14-09433-0 035 $a0101620 035 $aUSA010101620 035 $a(ALEPH)000101620USA01 035 $a0101620 100 $a20020305d2001----km-y0itay50------ba 101 0 $aita 102 $aIT 105 $ay-||z|||001yy 200 1 $aRepertorio della Carta dei diritti fondamentali dell'Unione europea$eannotato con i lavori preparatori e la giurisprudenza delle Alte Corti europee e della Corte costituzionale italiana$fsotto la direzione di Massimo Panebianco 210 $aMilano$cGiuffrè$d2001 215 $aXXXII, 554 p.$d25 cm 606 0 $aCarta dei diritti e doveri economici degli Stati 606 0 $aCooperazione economica internazionale 606 0 $aDiritti dell'uomo$xDiritto comunitario$yRepertori 676 $a341.2422 676 $a341.481 702 1$aPANEBIANCO,$bMassimo 801 0$aIT$bsalbc$gISBD 912 $a990001016200203316 951 $aIG VIII 12 IT 557 (N0N DISPONIBILE)$b32656 G.$cIG VIII$d00080891 951 $aSANT.9$b502 DDPG$cSANT. 951 $aST D$b500 DDPG$cST D 951 $aST D$b501 DDPG$cST D 959 $aBK 969 $aGIU 969 $aDDPG 979 $aANGELA$b90$c20020305$lUSA01$h1522 979 $aANGELA$b90$c20020305$lUSA01$h1534 979 $c20020403$lUSA01$h1742 979 $aCHIARA$b90$c20030207$lUSA01$h1026 979 $aPAOLA$b90$c20040308$lUSA01$h1105 979 $aPATRY$b90$c20040406$lUSA01$h1710 979 $aDDPG1$b90$c20070131$lUSA01$h1530 979 $aDDPG1$b90$c20070206$lUSA01$h1543 979 $aRSIAV4$b90$c20091006$lUSA01$h1206 996 $aRepertorio della carta dei diritti fondamentali dell'unione europea$9515910 997 $aUNISA LEADER 01174nam0 22002651i 450 001 UON00182623 005 20231205103138.888 010 $a88-243-0838-4 100 $a20030730d1990 |0itac50 ba 101 $aita 102 $aIT 105 $a|||| ||||| 200 1 $a Manuale di contabilità di Stato$econ ampi riferimenti all'ordinamento contabile delle Regioni, delle Provincie, dei Comuni e di altri Enti pubblici$fAntonio Bennati 210 $aXII edizione 215 $aNapoli$cJovene, 1990. XLIII,962 p.$d24 cm 606 $aContabilità pubblica$xManuali e studi$3UONC035795$2FI 620 $aIT$dNapoli$3UONL000012 700 1$aBENNATI$bAntonio$3UONV105447$07326 712 $aJovene$3UONV252044$4650 801 $aIT$bSOL$c20251114$gRICA 912 $aUON00182623 950 $aSIBA - SISTEMA BIBLIOTECARIO DI ATENEO$dSI PUB C 0658 $eSI SC 21748 5 0658 950 $aSIBA - SISTEMA BIBLIOTECARIO DI ATENEO$dSI PUB C 0658 $eSI SC 22920 5 0658 996 $aManuale di contabilità di Stato$963525 997 $aUNIOR